00313nam a22001337a 4500008004100000020001800041041000800059080002100067100000700088101000800095245004700103942001200150999001700162171107b xxu||||| |||| 00| 0 eng d a9780077236533 aeng 26 EDa330.722.6 a62 aKON aMANAGERIAL ACCOUTING MANAGERScNOREEN,B 2udccBK c37965d37965